01315naa a2200217 i 45000010005000000030009000050050017000140080039000310400021000700800010000911000111001012450096002125000021003085200486003296500025008156500027008407730165008679420013010329990015010459520037010602648KOSZ 00520180202154701.0160126s2008 pl f |000 0 pol cBPKdKOSZ 005/EG a332.11 aROSA, Anna.d2001 - .bPolitechnika Koszalińska - Instytut Ekonomii i Zarządzania,cZakład Finansów10aSpecjalne strefy ekonomiczne jako narzędzie wspierania rozwoju regionalnego /cAnna Rosa. aDane z autopsji. aProces przechodzenia z gospodarki centralnie sterowanej do gospodarki rynkowej oraz zmiana ustroju ekonomicznego, zweryfikowały stan krajowego przemysłu. Sytuacja wymagała stworzenia instrumentu gospodarczego, stymulującego rozwój inwestycji bez bezpośredniego angażowania środków z budżetu państwa. Specjalne Strefy Ekonomiczne stały się właśnie wtedy jednym z instrumentów polityki gospodarczej państwa, który wspiera rozwój lokalny i regionalny. 0aRozwój regionalny. 0aGospodarka - polityka.0 iW :tProblemy rozwoju regionalnego w teorii i praktyce / red. nauk. Antoni Szreder. -dSłupsk : Wyższa Hanzeatycka Szkoła Zarządzania, 2008. -gs. 133-143 cROZ2UKD c2648d2648 00104070aBPKbBPKo94596yROZ